000 01250nam0a2200337 4500
001 RU\NLR\BIBL_A\012163730
005 20200302163755.0
010 _a978-5-04-101730-9
_95000
021 _aRU
_bКН-П-19-084022
_9КН-П-19-6106
035 _a(NLR Aleph) 012163730
035 _a(RuMoRGB)010147944
090 _a12204361
_c12204361
100 _a20191213d2019 e y0rusy50 ca
101 1 _arus
_cund
102 _aRU
105 _aa|||zzzz000zb
200 1 _aВолшебные миры Хаяо Миядзаки
_fСюзан Нейпир
_g[перевод: Попова А.]
210 _aМосква
_cЭксмо
_cБомбора™
_d2019
215 _a399 с., [8] л. цв. ил.
_cил.
_d23
225 1 _aПодарочные издания
_iКино
333 _a16+
600 1 _aМиядзаки
_bХ.
_gХаяо
_f1941
_2nlr_sh2
_3RU\NLR\AUTH\6601668975
686 1 _aЩ377.3(5Я)6-85Миядзаки
686 1 _aЩ153(5Я)6-8Миядзаки
700 1 _aНейпир
_bС.
_f1955-
_gСюзан
702 1 _aМиядзаки
_bХ.
_cрежиссер-аниматор
_f1941-
_gХаяо
_3RU\NLR\AUTH\770214638
_4570
942 _cBOOK
980 _aNBR
980 _aNB